Sonographie der Lunge : eine Hilfe zur Früherkennung der Rhodococcus equi-Pneumonie beim Fohlen /

Bibliographic Details
Main Author: Althaus, Olga Pea
Format: Thesis Book
Language:German
Language Notes:Summary in English.
Published: Hannover : [publisher not identified], 2004.

MARC

Tag First Indicator Second Indicator Subfields
LEADER 00000cam a2200000Ka 4500
001 in00004525913
005 20191205081758.0
008 050608s2004 gw a bm 000 0 ger
035 |a (OCoLC)ocm60610606 
035 |a (OCoLC)60610606 
035 |z (UtOrBLW)63321 
035 |a 90643 
040 |a AGL  |b eng  |c AGL  |d UtOrBLW 
041 0 |a ger  |b eng 
049 |a TMVM 
100 1 |a Althaus, Olga Pea. 
242 0 0 |a Sonography of the lung.  |y eng 
245 1 0 |a Sonographie der Lunge :  |b eine Hilfe zur Früherkennung der Rhodococcus equi-Pneumonie beim Fohlen /  |c vorgelegt von Olga Pea Althaus. 
264 1 |a Hannover :  |b [publisher not identified],  |c 2004. 
300 |a 123 pages :  |b illustrations ;  |c 21 cm. 
336 |a text  |2 rdacontent  |b txt 
337 |a unmediated  |2 rdamedia 
338 |a volume  |2 rdacarrier  |b nc 
546 |a Summary in English. 
502 |b doctoral  |c Tierärztliche Hochschule Hannover  |d 2004. 
504 |a Includes bibliographical references (pages 77-87). 
999 |a MARS 
999 f f |s 3ceb7ac5-c48d-3f93-af9f-3192b7983d0f  |i 20f909b2-f053-3e5d-a4b1-bde6daa76581  |t 0 
952 f f |p preservation  |a Texas A&M University  |b J.J. Pickle Campus  |c High Density Repository  |d Remote Storage  |t 0  |e German dissertations  |h Other scheme  |i unmediated -- volume  |m 323890245999K 
998 f f |a German dissertations  |t 0  |l Remote Storage